|
|
|
|
| LEADER |
00650cam a2200217ua 4500 |
| 008 |
060815t1995||||||||||| 00 ||eng c |
| 020 |
|
|
|a 3-540-60259-3
|
| 041 |
0 |
|
|a eng
|
| 082 |
|
|
|a 523.01
|b PHY TB
|
| 245 |
1 |
0 |
|a Physical Processes in Astrophysics /
|
| 250 |
|
|
|a 1st.
|
| 260 |
|
|
|a Berlin:
|b Springer,
|c 1995.
|
| 300 |
|
|
|a 249p..
|
| 362 |
1 |
|
|a 1995.
|
| 365 |
|
|
|a DM 92.00
|e hb.
|
| 650 |
|
|
|a Astronomy and Allies Sciences
|
| 650 |
0 |
|
|a Astrophysics
|
| 700 |
0 |
2 |
|a Masnou,, Jean-Louis
|
| 942 |
|
|
|c BK
|
| 999 |
|
|
|c 4803
|d 4803
|
| 952 |
|
|
|0 0
|1 0
|4 0
|6 523_010000000000000_PHY_T
|7 0
|9 5028
|a KUCL
|b KUCL
|d 2014-05-23
|l 0
|o 523.01 PHY T
|p 08454
|r 2014-05-23
|w 2014-05-23
|y BK
|